[Event "Konakovo Rating 10th"]
[Site "Konakovo"]
[Date "2014.07.10"]
[Round "1"]
[White "Blinov, Sergey"]
[Black "Shukurov, Saodiddin"]
[Result "0-1"]
[WhiteElo "1914"]
[BlackElo "1766"]
[PlyCount "80"]
[EventDate "2014.07.10"]
[EventType "tourn"]
[EventRounds "11"]
[EventCountry "RUS"]
[SourceTitle "EXT 2022"]
[Source "ChessBase"]
[SourceDate "2021.10.06"]
[SourceVersion "1"]
[SourceVersionDate "2021.10.06"]
[SourceQuality "1"]

1. Nc3 g6 2. g3 Bg7 3. Bg2 c6 4. d3 Qb6 5. Nf3 d6 6. 0-0 Nf6 7. Na4 Qc7 8. c4 0-0 9. Rb1 b6 10. b4 d5 11. Bf4 Qd8 12. cxd5 Nxd5 13. Be5 Bxe5 14. Nxe5 Qd6 15. Nc4 Qd8 16. b5 c5 17. e4 Nc7 18. Nc3 Bb7 19. a4 Ne6 20. Ne5 Qd4 21. Nxf7 Qxc3 22. Nh6+ Kg7 23. Rc1 Qd4 24. Rc4 Qd8 25. Qd2 Nd4 26. Ng4 Nd7 27. h4 Nf6 28. Qh6+ Kg8 29. Ne5 Qd6 30. Nxg6 hxg6 31. Qxg6+ Kh8 32. e5 Ne2+ 33. Kh1 Bxg2+ 34. Kxg2 Qd5+ 35. Kh2 Rg8 36. Qf5 Nh7 37. Rg4 Rxg4 38. Qxg4 Nd4 39. f4 Rg8 40. Qh5 Qa2+ 0-1

[Event "Konakovo Rating 9th"]
[Site "Konakovo"]
[Date "2014.02.24"]
[Round "5"]
[White "Blinov, Sergey"]
[Black "Stoletov, Gennadi"]
[Result "1/2-1/2"]
[WhiteElo "1904"]
[BlackElo "2223"]
[PlyCount "111"]
[EventDate "2014.02.22"]
[EventType "tourn"]
[EventRounds "13"]
[EventCountry "RUS"]
[SourceTitle "CBM 159 Extra"]
[Source "ChessBase"]
[SourceDate "2014.04.24"]
[SourceVersion "1"]
[SourceVersionDate "2014.04.24"]
[SourceQuality "1"]

1. Nf3 c5 2. e3 Nf6 3. b3 g6 4. Bb2 Bg7 5. d4 cxd4 6. Nxd4 0-0 7. Nf3 d6 8. Be2 b6 9. c4 Bb7 10. Nc3 Nbd7 11. 0-0 Rc8 12. Qd2 Nc5 13. Rad1 Nfe4 14. Nxe4 Nxe4 15. Qc2 Bxb2 16. Qxb2 Qc7 17. Nd4 Nc5 18. Bf3 a6 19. Bxb7 Qxb7 20. Ne2 b5 21. cxb5 axb5 22. Nf4 Rc6 23. Nd5 Rfc8 24. Nb4 Rb6 25. Nd5 Ra6 26. Nb4 Ra7 27. Rd4 Ne6 28. Rd2 Qe4 29. Nd5 Rd8 30. f3 Qh4 31. g3 Qh6 32. Qc3 Qf8 33. Nb4 Rc8 34. Qd3 Qe8 35. Rc2 Rxc2 36. Qxc2 Rc7 37. Qb2 Qa8 38. Kg2 Qc8 39. Rf2 Rc5 40. Rc2 Ng5 41. g4 e5 42. h4 Ne6 43. Rxc5 Qxc5 44. Qd2 Nc7 45. a4 bxa4 46. bxa4 d5 47. Nd3 Qd6 48. Qb4 Qc6 49. Nxe5 Qc2+ 50. Kg3 Qc1 51. Kf2 Qc2+ 52. Kg3 Qc1 53. Kf2 Qc2+ 54. Kf1 Qc1+ 55. Kf2 Qc2+ 56. Kf1 1/2-1/2

[Event "GER-chT U10"]
[Site "Magdeburg"]
[Date "2012.12.27"]
[Round "1.1"]
[White "Langenhan, Moritz Benedikt"]
[Black "Blinov, Sergey"]
[Result "0-1"]
[WhiteElo "1003"]
[BlackElo "761"]
[PlyCount "44"]
[EventDate "2012.12.27"]
[EventType "team-swiss"]
[EventRounds "7"]
[EventCountry "GER"]
[SourceTitle "EXT 2014"]
[Source "ChessBase"]
[SourceDate "2013.11.20"]
[SourceVersion "1"]
[SourceVersionDate "2013.11.20"]
[SourceQuality "1"]
[WhiteTeam "Stadtilm Blau Weiss"]
[BlackTeam "Berghofen Hoerde"]
[WhiteTeamCountry "GER"]
[BlackTeamCountry "GER"]

1. e4 e5 2. Nf3 Nc6 3. Nc3 Bc5 4. Bc4 Nf6 5. Ng5 0-0 6. 0-0 h6 7. Nf3 d6 8. Nh4 Nxe4 9. Nxe4 Qxh4 10. Qf3 Bg4 11. Qg3 Qh5 12. d3 Qf5 13. Qh4 Qg6 14. Re1 Nd4 15. Re3 Bf3 16. Kf1 Qxg2+ 17. Ke1 Nxc2+ 18. Kd2 Nxe3 19. b3 Nf1+ 20. Ke1 Bb4+ 21. Nd2 Nxd2 22. Bxd2 Qg1# 0-1

[Event "Konakovo Rating 7th"]
[Site "Konakovo"]
[Date "2012.07.21"]
[Round "7"]
[White "Blinov, Sergey"]
[Black "Podobed, Vladimir"]
[Result "1/2-1/2"]
[WhiteElo "1960"]
[BlackElo "2056"]
[PlyCount "56"]
[EventDate "2012.07.18"]
[EventType "tourn"]
[EventRounds "13"]
[EventCountry "RUS"]
[SourceTitle "EXT 2014"]
[Source "ChessBase"]
[SourceDate "2013.11.20"]
[SourceVersion "1"]
[SourceVersionDate "2013.11.20"]
[SourceQuality "1"]

1. d4 d5 2. c4 e6 3. Nc3 Nf6 4. Bg5 Be7 5. e3 0-0 6. Nf3 b6 7. cxd5 Nxd5 8. Bxe7 Qxe7 9. Nxd5 exd5 10. Rc1 Qb4+ 11. Qd2 Qxd2+ 12. Kxd2 c6 13. Bd3 Bb7 14. a4 Rc8 15. b4 Rc7 16. a5 Na6 17. Rb1 b5 18. Kc3 Bc8 19. Kb3 Bg4 20. Ne5 Be6 21. Rbc1 Rac8 22. Rc2 f6 23. Nf3 g6 24. Rhc1 Kf7 25. Ng1 Ke7 26. Ne2 Kd6 27. h4 Rg8 28. Nc3 Rcc8 1/2-1/2

[Event "Konakovo Rating 7th"]
[Site "Konakovo"]
[Date "2012.07.18"]
[Round "1"]
[White "Blinov, Sergey"]
[Black "Shapkin, Anatoliy"]
[Result "0-1"]
[WhiteElo "1960"]
[BlackElo "2107"]
[PlyCount "112"]
[EventDate "2012.07.18"]
[EventType "tourn"]
[EventRounds "13"]
[EventCountry "RUS"]
[SourceTitle "EXT 2014"]
[Source "ChessBase"]
[SourceDate "2013.11.20"]
[SourceVersion "1"]
[SourceVersionDate "2013.11.20"]
[SourceQuality "1"]

1. f4 d5 2. Nf3 c6 3. b3 Nf6 4. Bb2 g6 5. e3 Bg7 6. c4 Bg4 7. Be2 e6 8. 0-0 0-0 9. Ne5 Bxe2 10. Qxe2 Nbd7 11. Nxd7 Qxd7 12. d3 Rad8 13. c5 b6 14. b4 bxc5 15. bxc5 Rb8 16. Bxf6 Bxf6 17. d4 Bg7 18. Nc3 f6 19. Rab1 e5 20. Qd3 exd4 21. exd4 f5 22. Ne2 Qc7 23. g3 Qa5 24. a3 a6 25. Kg2 Rfe8 26. Ng1 Rb5 27. Nf3 Re4 28. Ne5 Bxe5 29. Rxb5 Qxb5 30. Qxb5 axb5 31. dxe5 Rc4 32. Ra1 Kf7 33. h3 Ke6 34. Kf3 Rxc5 35. a4 b4 36. a5 Rc3+ 37. Kf2 Ra3 38. Rc1 Kd7 39. e6+ Kd6 40. e7 Kxe7 41. Rxc6 Rxa5 42. Rb6 Ra2+ 43. Ke3 Ra3+ 44. Kd4 Rxg3 45. Rxb4 Rxh3 46. Kxd5 Kf6 47. Rb6+ Kg7 48. Rb7+ Kh6 49. Ke5 Re3+ 50. Kf6 Rf3 51. Rb1 Rh3 52. Rg1 Kh5 53. Rg2 Kh4 54. Rg1 Rg3 55. Rh1+ Kg4 56. Rxh7 Kxf4 0-1

[Event "Konakovo"]
[Site "Konakovo"]
[Date "2012.03.14"]
[Round "13"]
[White "Matveev, Aleksandr"]
[Black "Blinov, Sergey"]
[Result "1-0"]
[WhiteElo "2081"]
[BlackElo "1975"]
[PlyCount "41"]
[EventDate "2012.03.02"]
[EventType "tourn"]
[EventRounds "13"]
[EventCountry "RUS"]
[SourceTitle "EXT 2014"]
[Source "ChessBase"]
[SourceDate "2013.11.20"]
[SourceVersion "1"]
[SourceVersionDate "2013.11.20"]
[SourceQuality "1"]

1. d4 e6 2. Nf3 b6 3. e4 Bb7 4. Bd3 Nc6 5. c3 Nf6 6. 0-0 Be7 7. Re1 d6 8. Nbd2 0-0 9. Nf1 a5 10. Qe2 e5 11. Ng3 exd4 12. cxd4 Nb4 13. Bb1 Re8 14. Bd2 Qd7 15. Bc3 Ba6 16. Qd2 d5 17. Ne5 Qe6 18. a3 Nc6 19. exd5 Nxd5 20. Bf5 Qd6 21. Ne4 1-0

[Event "Konakovo"]
[Site "Konakovo"]
[Date "2012.03.12"]
[Round "11"]
[White "Baruishnikov, Valeriy"]
[Black "Blinov, Sergey"]
[Result "1/2-1/2"]
[WhiteElo "2057"]
[BlackElo "1975"]
[PlyCount "55"]
[EventDate "2012.03.02"]
[EventType "tourn"]
[EventRounds "13"]
[EventCountry "RUS"]
[SourceTitle "EXT 2014"]
[Source "ChessBase"]
[SourceDate "2013.11.20"]
[SourceVersion "1"]
[SourceVersionDate "2013.11.20"]
[SourceQuality "1"]

1. d4 Nf6 2. c4 b6 3. Nc3 Bb7 4. Nf3 e6 5. Qc2 Bb4 6. a3 Bxc3+ 7. bxc3 0-0 8. Bg5 d5 9. e3 Nbd7 10. cxd5 exd5 11. Bd3 h6 12. Bh4 c5 13. dxc5 Nxc5 14. 0-0 Ba6 15. Bxa6 Nxa6 16. Rfd1 Nc7 17. c4 g5 18. Bg3 Rc8 19. Qf5 Re8 20. Rd2 Ne4 21. Rdd1 Qf6 22. Qxf6 Nxf6 23. cxd5 Ncxd5 24. Nd4 h5 25. h4 g4 26. Nf5 Rc2 27. Nd4 Rcc8 28. Nf5 1/2-1/2

[Event "Konakovo"]
[Site "Konakovo"]
[Date "2012.03.08"]
[Round "7"]
[White "Shapkin, Anatoliy"]
[Black "Blinov, Sergey"]
[Result "1-0"]
[WhiteElo "2029"]
[BlackElo "1975"]
[PlyCount "57"]
[EventDate "2012.03.02"]
[EventType "tourn"]
[EventRounds "13"]
[EventCountry "RUS"]
[SourceTitle "EXT 2014"]
[Source "ChessBase"]
[SourceDate "2013.11.20"]
[SourceVersion "1"]
[SourceVersionDate "2013.11.20"]
[SourceQuality "1"]

1. e4 e6 2. d4 b6 3. Bf4 Bb7 4. Nd2 Nf6 5. Bd3 Nc6 6. Ngf3 Nb4 7. 0-0 Nxd3 8. cxd3 d5 9. Qc2 dxe4 10. dxe4 Rc8 11. Be3 Nd7 12. Rac1 Be7 13. Qb1 0-0 14. b4 c6 15. Rc3 h6 16. Rfc1 Nf6 17. Ne5 Qd6 18. a3 Rfd8 19. Ndf3 Ng4 20. Nc4 Qb8 21. Nce5 Nxe3 22. fxe3 Qd6 23. Qc2 c5 24. bxc5 bxc5 25. dxc5 Qc7 26. c6 Ba8 27. Nd7 Bxc6 28. Nde5 Qb6 29. Nxc6 1-0

[Event "Konakovo sf op"]
[Site "Konakovo"]
[Date "2011.12.25"]
[Round "7"]
[White "Blinov, Sergey"]
[Black "Yashkov, Aleksandr"]
[Result "1/2-1/2"]
[WhiteElo "1962"]
[BlackElo "2145"]
[PlyCount "49"]
[EventDate "2011.12.19"]
[EventType "swiss"]
[EventRounds "7"]
[EventCountry "RUS"]
[SourceTitle "EXT 2022"]
[Source "ChessBase"]
[SourceDate "2021.10.06"]
[SourceVersion "1"]
[SourceVersionDate "2021.10.06"]
[SourceQuality "1"]

1. b3 d5 2. Bb2 Nf6 3. g3 g6 4. Bg2 Bg7 5. Nf3 0-0 6. 0-0 c5 7. e3 Bg4 8. h3 Bxf3 9. Bxf3 Nc6 10. d4 cxd4 11. exd4 e6 12. Re1 Rc8 13. c4 dxc4 14. bxc4 a6 15. Na3 Qa5 16. Qb3 Rc7 17. c5 Rd7 18. Nc4 Qc7 19. Rad1 Rfd8 20. Nb6 Re7 21. Bg2 Na5 22. Qc3 Nc6 23. Qb3 Na5 24. Qc3 Nc6 25. Qb3 1/2-1/2

[Event "Konakovo sf op"]
[Site "Konakovo"]
[Date "2011.12.19"]
[Round "1"]
[White "Bogdanov, Ivan"]
[Black "Blinov, Sergey"]
[Result "0-1"]
[WhiteElo "1812"]
[BlackElo "1962"]
[PlyCount "58"]
[EventDate "2011.12.19"]
[EventType "swiss"]
[EventRounds "7"]
[EventCountry "RUS"]
[SourceTitle "EXT 2022"]
[Source "ChessBase"]
[SourceDate "2021.10.06"]
[SourceVersion "1"]
[SourceVersionDate "2021.10.06"]
[SourceQuality "1"]

1. e4 e6 2. Nc3 b6 3. Nf3 Bb7 4. d4 Bb4 5. Bd3 Nf6 6. Bf4 h6 7. 0-0 Bxc3 8. bxc3 Nxe4 9. Qe1 d5 10. c4 0-0 11. cxd5 exd5 12. Ne5 Nd7 13. Qe2 Nxe5 14. dxe5 Ng5 15. h4 Ne6 16. Bd2 Qxh4 17. g3 Qh3 18. Qf3 Nc5 19. Qf5 Qxf5 20. Bxf5 Rfe8 21. Rfe1 Ne4 22. Bxe4 dxe4 23. Bc3 Rad8 24. Rad1 Kf8 25. Kg2 Ke7 26. g4 c5 27. Kg3 Bc6 28. Kf4 Rd5 29. Kxe4 Rxd1+ 0-1